00394 a2200109 450000100060000008200120000610000650001824501430008326000270022630000080025350000230026191612 aPR 1579 aHassan Akhtar; Prof Sikander Hayat and Jamil Ahmed, Advisors aTo Develop Comprehensive Database Application for Managing Library Transanctions using Barcode and magnetic Strip Reader Inputsn53 "B" EC aRawalpindibNUSTc2001 a85p aBE Project Reports